000 00626nam a22002057a 4500
999 _c16436
_d16436
003 AR-CdUCM
008 190319b ||||| |||| 00| 0 spa d
040 _aMUNICIPALIDAD PROVINCIAL DEL CUSCO
_cBIBLIOTECA MUNICIPAL DEL CUSCO
082 _a869.56 /
_bS18
100 _aSalazar Bondy, Sebastian
_9906
245 _aLima la horrible /
260 _aLima :
_bPopulibros,
_c1964.
300 _a99 páginas ;
_c18 cm.
440 _aBiblioteca Popular
_92058
505 _aContenido: literatura limeña.
650 _aLiteratura limeña.
_919321
650 _aHistoria
_9136
942 _2ddc
_cLIBROS
945 _apjha
_d2019-05-03